| 000 | 00000nam##2200000za#4500 |
| 001 | 9.638429 |
| 003 | CaOODSP |
| 005 | 20210624221659 |
| 007 | cr ||||||||||| |
| 008 | 150407|1997||||xxc|||||o f|0| 0 fre|d |
| 040 | |aCaOODSP|bfre |
| 043 | |an-cn--- |
| 086 | 1 |aNH15-171/1997F-PDF |
| 110 | 2 |aSociété canadienne d'hypothèques et de logement. |
| 245 | 10|aLes impôts, droits, frais, taxes et coûts de transaction sur les logements neufs / |h[ressource électronique]|cpar Greg Lampert et Marc Denhez. |
| 260 | |aOttawa - Ontario : |bSociété canadienne d'hypothèques et de logement |c1997. |
| 300 | |a133p.|bgraphiques, tableaux |
| 500 | |a«Cette étude examines les taxes et les frais qui sont imputés au nouveaux logements dans 26 communautés à l'échelle du Canada.»--Sommaire de direction. |
| 500 | |aLe n° de catalogue (NH15-17/1997F) et l’ISBN (0-660-95576-8) de l’édition imprimée ont été incorrectement copiés dans cette édition électronique. Pour l'édition révisée, voir NH15-171/1997F-PDF. |
| 520 | 3 |aCette étude examines les taxes et les frais qui sont imputés au nouveaux logements dans 26 communautés à l'échelle du Canada.--Sommaire de direction |
| 590 | |a11-05-Supp|b2011-03-15 |
| 691 | 07|aLogement|2gcpds |
| 720 | 1 |aLampert, Greg |
| 720 | 1 |aDenhez, Marc |
| 775 | 08|tLevies, fees, charges, taxes and transaction costs on new housing / |w(CaOODSP)9.694253 |
| 776 | 0#|tLes impôts, droits, frais, taxes et coûts de transaction sur les logements neufs / |w(CaOODSP)9.680071 |
| 856 | 40|ahttp://publications.gc.ca|qPDF|s6.15 Mo|uhttps://publications.gc.ca/collections/collection_2011/schl-cmhc/NH15-171-1997-fra.pdf |